<?xml version="1.0" encoding="UTF-8"?>
<collection xmlns="http://www.loc.gov/MARC21/slim">
 <record>
  <leader>00886nam a2200193 a 4500</leader>
  <controlfield tag="001">1/26359</controlfield>
  <controlfield tag="008">050520s2003    lu a     t   n00010 eng  </controlfield>
  <datafield tag="020" ind1=" " ind2=" ">
   <subfield code="a">9289450835</subfield>
  </datafield>
  <datafield tag="035" ind1=" " ind2=" ">
   <subfield code="l">28195</subfield>
  </datafield>
  <datafield tag="082" ind1="0" ind2="0">
   <subfield code="a">KET 330.94 REP</subfield>
  </datafield>
  <datafield tag="245" ind1="0" ind2="0">
   <subfield code="a">Report on the implementation of the 2002 broad economic policy guidelines:</subfield>
   <subfield code="b">presented in accordance with Article 99(3) of the EC Treaty/</subfield>
   <subfield code="c">European Commission. directorate-general for economics and financial affairs</subfield>
  </datafield>
  <datafield tag="260" ind1="1" ind2="0">
   <subfield code="a">[Luxembourg]:</subfield>
   <subfield code="b">[Office for Official Publications of the European Community],</subfield>
   <subfield code="c">[2003]</subfield>
  </datafield>
  <datafield tag="300" ind1=" " ind2=" ">
   <subfield code="a">v, 146 σ.:</subfield>
   <subfield code="b">εικ.;</subfield>
   <subfield code="c">30 εκ.</subfield>
  </datafield>
  <datafield tag="490" ind1="1" ind2=" ">
   <subfield code="a">European economy 2003 ;</subfield>
  </datafield>
  <datafield tag="650" ind1="2" ind2="4">
   <subfield code="a">Educational technology</subfield>
   <subfield code="x">Engyclopaedia.</subfield>
  </datafield>
  <datafield tag="650" ind1=" " ind2="4">
   <subfield code="a">Economic policy</subfield>
   <subfield code="z">European Union countries.</subfield>
  </datafield>
  <datafield tag="710" ind1="2" ind2=" ">
   <subfield code="a">European Commission.</subfield>
  </datafield>
  <datafield tag="830" ind1=" " ind2=" ">
   <subfield code="a">European economy 2003 ;</subfield>
   <subfield code="v">1</subfield>
  </datafield>
  <datafield tag="852" ind1=" " ind2=" ">
   <subfield code="a">INST</subfield>
   <subfield code="b">UNIPILB</subfield>
   <subfield code="c">KET</subfield>
   <subfield code="e">20050520</subfield>
   <subfield code="h">KET 330.94 REP</subfield>
   <subfield code="p">00147364</subfield>
   <subfield code="q">00147364</subfield>
   <subfield code="t">LOAN</subfield>
   <subfield code="y">0</subfield>
   <subfield code="4">1</subfield>
  </datafield>
 </record>
</collection>
